000 00578nam a2200205Ia 4500
005 20250507130338.0
008 008 250505s9999 xx 000 0 eng d
020 _a0-8248-2411-3
037 _aAnnuals, Advances
040 _aEASL
_beng
_cEASL
041 _aeng
_2eng
084 _aWv42, P2
_qEASL
100 _aHowland Douglas R. Au.
_9665143
245 0 _aTranslating the West
260 _aUSA
_bHonolulu University of Hawai'i press
_c2002
300 _axiv,292p.
490 _vV7,1
942 _cTEXL
_hWv42, P2
999 _c1319140
_d1319140